00918nam a2200181 a 4500008004100000020001500041050002000056100001500076245003200091246004200123260002800165300001600193350000900209995016700218995016700385995016700552999001700719120416s1970 ||||||||||||||||| || u a0435900811 aDT 434.E262 Mbo aMboya, Tom14aThe challenge of nationhood aa collection of speeches and writings aLondonbHeinemannc1970 aviii, 278p. a0.00 aMAIN LIBRARY OPEN ACCESSD0.00e715646FCBU-MAIN LIBRARY (Kitwe)H3I4.85jDT 434.E262 MboM3UAVAILABLEWSep 6, 2006y000783ZMain Library Open Access Collection aMAIN LIBRARY OPEN ACCESSD0.00e715647FCBU-MAIN LIBRARY (Kitwe)H1I4.85jDT 434.E262 MboM1UAVAILABLEWSep 6, 2006y000990ZMain Library Open Access Collection aMAIN LIBRARY OPEN ACCESSD0.00e715645FCBU-MAIN LIBRARY (Kitwe)H2I4.85jDT 434.E262 MboM2UAVAILABLEWSep 6, 2006y000991ZMain Library Open Access Collection c79248d79248